00521nam a2200181Ia 4500008004100000020001800041082000800059100002000067245004600087250000600133260004000139300001200179500002400191650001000215942000700225952009000232999001700322230524s9999 xx 000 0 und d a9788131805664 bJAI aK.C.Jain942680 0aDesign For R.C.C. Slabs: A Ready Reckoner a2 aNew DelhibUniversities Pressc2011 aC-142p; aQuantity Number: 1 aCivil cBK 00104070aTATCLbTATCLcGENd2023-05-24l0o JAIp54033r2023-05-24w2023-05-24yBK c57671d57671